1755 1637 1867 1122 1109 1471 1600 1155 1864 1175 1045 1594 1251 1477 1892 1954 1550 1060 1896 1247 1828 1369 1570 1225 1986 1509 1939 1653 1521 1823 1852 1058 1368 1817 1301 1267 1783 1557 1160 1785 1183 1177 1396 1311 1960 1329 1911 1212 1506 1541 1093 1936 1445 1227 1275 1752 1306 1581 1760 1619 1025 1531 1335 1214 1772 1649 1565 1740 1077 1616 1980 1812 1298 1988 1283 1777 1555 1244 1049 1732 1215 1686 1964 1790 1394 1394 1775 1659 1598 1129 1253 1189 1213 1698 1894 1084 1810 1888 1197 BCNSPRNW ULIB Ver.6.0+V

เปลี่ยนเป็นภาษาไทย

Change to English
 แสดงรายละเอียดบรรณานุกรม
  กลับหน้าหลัก

Brief Record : Get Marc (ISO 2709) : E-mail record : QR code < ปิดหน้าต่าง
LEADER : 00000nam 2200000uu 4500
001    13399109778
003     ULIB
008    110411s2551||||th 000 0 tha d
020    9740488965
024    9789740488965
060  4 WW140^bก351ร 2551 ล.2
110 1  กองบรรณาธิการ ใกล้หมอ
245 00 โรคตาหูคอจมูก เล่ม 2^cกองบรรณาธิการ ใกล้หมอ
260    กรุงเทพฯ:^bใกล้หมอ,^c2551
300    103 หน้า.
650  7 ตา^xโรค
650  7 หู^xโรค
650  7 คอ^xโรค
650  7 จมูก^xโรค
945    ^p129^l0^i023795
945    ^p129^l0^i023794
995    เกษร
999    ^aใช้งานได้ทุกระบบ
รายการนี้ยังไม่มีแท็ก
คุณยังไม่ได้ล็อกอิน คุณสามารถมีกิจกรรมร่วมกับเว็บไซต์ได้ แต่ต้องล็อกอินก่อน ::
  ล็อกอิน

รายการสื่อสารสนเทศ

ลำดับที่ ประเภท เลขเรียก/บาร์โค้ด สถานที่ สถานะ
- ไม่พบข้อมูล -

BibComment


ยังไม่เคยถูกคอมเมนท์

คอมเมนท์ทรัพยากรรายการนี้
  คอมเมนท์: โรคตาหูคอจมูก เล่..


 Copyright 2026. Bcnsprnw @Library